Entry Personal Name
Number of records used in: 4
001 - CONTROL NUMBER
003 - CONTROL NUMBER IDENTIFIER
005 - DATE AND TIME OF LATEST TRANSACTION
- control field:
20200517160731.0
008 - FIXED-LENGTH DATA ELEMENTS
- fixed length control field:
200517|| aca||aabn | a|a d
040 ## - CATALOGING SOURCE
- Original cataloging agency:
OSt
- Transcribing agency:
OSt
100 ## - HEADING--PERSONAL NAME
- Personal name:
RAO Dr. G DEVALA
670 ## - SOURCE DATA FOUND
- Source citation:
Work cat.: (OSt): RAO Dr. G DEVALA, Inorganic Pharmaceutical Chemistry, 2020